François Girardon : Bildhauer in königlichen Diensten ; 1663 - 1700

Gespeichert in:
Bibliographische Detailangaben
VerfasserIn: Klidis, Artemis (VerfasserIn)
Dokumenttyp: Hochschulschrift Buch
Sprache:German
Veröffentlicht: Weimar : VDG, Verl. und Datenbank für Geisteswiss. , 2001
Schlagwörter:
Online Zugang:Rezension
Rezension
Rezension
Bibliogr. Hinweis:Rezensiert in: [Rezension von: Artemis Klidis, François Girardon. Bildhauer in königlichen Diensten 1663-1700]
Verantwortlich:Artemis Klidis
LEADER 03353cam a2200757 c 4500
001 39994382X
003 DE-627
005 20260224172327.0
007 tu
008 000101s2001 gw ||||| m 00| ||ger c
015 |a 01,N37,0740  |2 dnb 
015 |a 01,A45,0855  |2 dnb 
016 7 |a 962227161  |2 DE-101 
020 |a 3897392135  |9 3-89739-213-5 
035 |a (DE-627)39994382X 
035 |a (DE-603)100000746 
035 |a (DE-576)094711216 
035 |a (DE-599)DNB962227161 
035 |a (OCoLC)491987061 
035 |a (OCoLC)50243739 
040 |a DE-627  |b ger  |c DE-627  |e rakwb 
041 |a ger 
044 |c XA-DE  |c XA-FR 
050 0 |a NB553.G5 
082 0 |a 730.92  |q BSZ 
084 |a 46  |2 sdnb 
084 |a 9,10  |2 ssgn 
084 |a LI 99999  |2 rvk  |0 (DE-625)rvk/97471: 
084 |a 20.31  |2 bkl 
084 |a 21.52  |2 bkl 
100 1 |8 1\p  |a Klidis, Artemis  |d 1968-  |0 (DE-588)123233046  |0 (DE-627)706219570  |0 (DE-576)293615063  |4 aut 
245 1 0 |a François Girardon  |b Bildhauer in königlichen Diensten ; 1663 - 1700  |c Artemis Klidis 
263 |a Gb. : DM 76.28, EUR 39.00 (ab 1.1.2002), sfr 70.00, S 562.00 
264 1 |a Weimar  |b VDG, Verl. und Datenbank für Geisteswiss.  |c 2001 
300 |a 262 S  |b 107 Abb  |c 8[grad] 
336 |a Text  |b txt  |2 rdacontent 
337 |a ohne Hilfsmittel zu benutzen  |b n  |2 rdamedia 
338 |a Band  |b nc  |2 rdacarrier 
502 |a Zugl.: Bonn, Univ., Diss., 2000 
583 1 |a Archivierung/Langzeitarchivierung gewährleistet  |f SSG  |x XA-DE-BW  |2 pdager  |5 DE-16 
583 1 |a Archivierung prüfen  |c 20240324  |f DE-4165  |z 2  |2 pdager 
600 1 4 |a Girardon, François <1628-1715> 
650 4 |a Sculptors  |x France  |x Biography 
655 7 |a Hochschulschrift  |0 (DE-588)4113937-9  |0 (DE-627)105825778  |0 (DE-576)209480580  |2 gnd-content 
689 0 0 |d p  |0 (DE-588)118717642  |0 (DE-627)079499511  |0 (DE-576)209332832  |a Girardon, François  |d 1628-1715  |2 gnd 
689 0 |5 DE-101 
689 1 0 |d p  |0 (DE-588)118717642  |0 (DE-627)079499511  |0 (DE-576)209332832  |a Girardon, François  |d 1628-1715  |2 gnd 
689 1 |5 (DE-627) 
700 1 |a Girardon, François  |d 1628-1715  |0 (DE-588)118717642  |0 (DE-627)079499511  |0 (DE-576)209332832  |4 oth 
751 |a Bonn  |0 (DE-588)4007666-0  |0 (DE-627)106372270  |0 (DE-576)208871632  |4 uvp 
787 0 8 |i Rezensiert in  |a Ruby, Sigrid, 1968 -   |t [Rezension von: Artemis Klidis, François Girardon. Bildhauer in königlichen Diensten 1663-1700]  |d 2002  |w (DE-627)1920840265 
856 4 2 |u https://swbplus.bsz-bw.de/bsz094711216rez.htm  |m V:DE-576  |v 2005-08-09  |3 Rezension  |7 1 
856 4 2 |u http://www.sehepunkte.de/2002/07/3502.html  |m V:DE-576;X:Sehepunkte  |q text/html  |v 20180423160613  |3 Rezension  |7 1 
856 4 2 |u http://scans.hebis.de/HEBCGI/show.pl?10000074_rez.pdf  |m V:DE-576  |q application/pdf  |3 Rezension  |7 1 
883 |8 1\p  |a cgwrk  |d 20241001  |q DE-101  |u https://d-nb.info/provenance/plan#cgwrk 
889 |w (DE-627)333326865 
935 |i Blocktest 
936 r v |a LI 99999  |b Sonstige  |k Kunstgeschichte  |k Künstler-Monografien  |k Sonstige  |0 (DE-627)1270635948  |0 (DE-625)rvk/97471:  |0 (DE-576)200635948 
936 b k |a 20.31  |j Bildende Künstler  |0 (DE-627)181571080 
936 b k |a 21.52  |j Geschichte der Bildhauerei  |0 (DE-627)106405829 
936 s n |a l300  |2 mzub 
951 |a BO 
990 |a Girardon, François 
990 |a Girardon, François 
991 |a Rezensiertes Werk 
999 |a KXP-PPN39994382X  |e 4948592919